000 00512nam a2200193 u 4500
005 20210223131759.0
008 120703s2008 r 000 0 eng d
020 _a9789680600120
035 _aUPN01000185672
049 _aCG
050 4 _aPN6790 M3.2
_bS3.3
100 1 _aSandoval, Tony,
245 1 0 _aEpidemia de melancolía /
_cTony Sandoval.
260 _aMéxico :
_bResistencia,
_c2008.
300 _a100 p. :
_bil.
650 4 _aMELANCOLIA -
_vNOVELA
_921075
905 _aLibro
999 _c157775
_d157775